Universal Engineering Q.B. (Electronics) (Record no. 1300)

MARC details
000 -LEADER
fixed length control field 00352nam a22001457a 4500
005 - DATE AND TIME OF LATEST TRANSACTION
control field 20160521121520.0
008 - FIXED-LENGTH DATA ELEMENTS--GENERAL INFORMATION
fixed length control field 160521b xxu||||| |||| 00| 0 eng d
041 ## - LANGUAGE CODE
Language code of text/sound track or separate title eng
082 ## - DEWEY DECIMAL CLASSIFICATION NUMBER
Item number 3744
245 ## - TITLE STATEMENT
Title Universal Engineering Q.B. (Electronics)
260 ## - PUBLICATION, DISTRIBUTION, ETC. (IMPRINT)
Name of publisher Deepak Prakashan
Year of publication 2003
300 ## - PHYSICAL DESCRIPTION
Number of Pages 210
650 ## - SUBJECT ADDED ENTRY--TOPICAL TERM
Topical Term DIPLOMA ENGINEERING
942 ## - ADDED ENTRY ELEMENTS (KOHA)
Koha item type Books
Holdings
Lost status Damaged status Home library Date acquired Cost, normal purchase price Full call number Accession Number Koha item type
    JRU Library 21/05/2016 70.00 3744 3744 Books